000
00204 a2200097 4500
001
29152
100
_a
Green C.D
245
_a
Integral equation methods
260
_a
_b
Nelson
_c
090
_c
19480
_d
19480
942
_a
NUST-CAE
_c
M
_c
10536
999
_c
264225
_d
264225